000 00515nam a2200181Ia 4500
005 20250508151124.0
008 008 250505s9999 xx 000 0 eng d
037 _aTextual
040 _aFEDL
_beng
_cFEDL
041 _aeng
_2eng
084 _a338, DEL
_qFEDL
245 0 _aReport of an industrial survey conducted in 1950 51 in Delhi State
260 _aDelhi, India
_bManager of Publications
300 _a300p
650 _aEconomics
942 _cTEXL
_h338, DEL
999 _c1327711
_d1327711